00382nam a2200121 a 4500008004100000020001500041050001600056100002600072245008200098260005600180300001500236350000900251120416s1992 ||||||||||||||||| || u a0819187410 aHD 8803 Ham aHamalengwa, Munyonzwe10aClass struggles in Zambia 1889-1989 and the fall of Kenneth Kaunda, 1990-1991 aLanham, MarylandbUniversity Press of Americac1992 a(v), 182p. a0.00